logo

Bir Sreshtho Munshi Abdur Rouf Library
Jhenaidah Cadet College

Literature for writing : (Record no. 9615)

MARC details
000 -LEADER
fixed length control field 00815cam a22002651 4500
001 - CONTROL NUMBER
JCCL Control Number 9615
003 - CONTROL NUMBER IDENTIFIER
JCCL marc code BD-JhCC
005 - DATE AND TIME OF LATEST TRANSACTION
control field 20180401182804.0
008 - FIXED-LENGTH DATA ELEMENTS--GENERAL INFORMATION
fixed length control field 180320s1962 as 000 0 eng
035 ## - SYSTEM CONTROL NUMBER
system control number (OCoLC)1060979
-- (BD-JhCC)9615
040 ## - CATALOGING SOURCE
Original cataloging agency DLC
Transcribing agency OAU
Modifying agency DLC
-- BD-JhCC
041 ## - LANGUAGE CODE
Language code of Book eng
050 00 - LIBRARY OF CONGRESS CALL NUMBER
Classification number PR1109
Item number .S673
082 ## - DEWEY DECIMAL CLASSIFICATION NUMBER
Classification number 808
Author mark and Year STE 1962
100 1# - MAIN ENTRY--PERSONAL NAME
Personal name Steinmann, Martin,
Dates associated with a name 1915-
245 10 - TITLE STATEMENT
Title Literature for writing :
Remainder of title an anthology of major British and American authors /
Statement of responsibility, etc [by] Martin Steinmann, Jr. [and] Gerald Willen.
260 ## - PUBLICATION, DISTRIBUTION, ETC. (IMPRINT)
Place of publication, distribution, etc Belmont :
Name of publisher, distributor, etc Wadsworth Pub. Co,
Date of publication, distribution, etc 1962.
300 ## - PHYSICAL DESCRIPTION
Pagination 692 p.
Dimensions 26 cm.
650 #0 - SUBJECT ADDED ENTRY--TOPICAL TERM
Topical term or geographic name as entry element English literature.
650 #0 - SUBJECT ADDED ENTRY--TOPICAL TERM
Topical term or geographic name as entry element American literature.
650 #0 - SUBJECT ADDED ENTRY--TOPICAL TERM
Topical term or geographic name as entry element English language
General subdivision Rhetoric.
700 1# - ADDED ENTRY--PERSONAL NAME
Personal name Willen, Gerald,
942 ## - ADDED ENTRY ELEMENTS (KOHA)
Source of classification or shelving scheme Dewey Decimal Classification
Koha item type Books
Holdings
Source of classification or shelving scheme Damaged status Not for loan Home library Current library Shelving location Date of accession Full call number Barcode Date last seen Copy number Method of acquisition Koha item type Currency Total Checkouts
Dewey Decimal Classification     JCC Rouf Library JCC Rouf Library General Stacks 06/22/2023 808 STE 1962 12782 03/20/2018 C - 1 Purchase Books    
Dewey Decimal Classification     JCC Rouf Library JCC Rouf Library General Stacks   808 STE 1962 12804 03/21/2018 C - 1   Books    
Dewey Decimal Classification     JCC Rouf Library JCC Rouf Library General Stacks 04/01/2018 808 STE 1962 13293 04/01/2018 C-3   Books    
Dewey Decimal Classification     JCC Rouf Library JCC Rouf Library General Stacks 04/04/2018 808 STE 1962 13385 04/04/2018 C-2   Books    

JCC Library | Contacts | JCC Home

Last Update on 23 September 2017
Copyright @ 2017-2020 JCC Rouf Library
Rouf Library, Jhenidah Cadet College (JCC), Bangladesh